000 00468nam a2200193Ia 4500
003 OSt
005 20221005130546.0
006 a|||||r|||| 00| 0
007 ta
008 221004b |||||||| |||| 00| 0 eng d
024 _a112520
037 _cTextual
040 _aCRL
_cCRL
_beng
041 _2eng
_aeng
100 _aDhar & Lydali
_9638305
245 0 _aRole of Small Enterprizes in ----
942 _cTEXL
_2cc
999 _c1057648
_d1057648